Basic Judaism. (Record no. 2502)

000 -LEADER
fixed length control field 00529nam a2200181 a 4500
001 - CONTROL NUMBER
control field :::00000227$&:&@@
003 - CONTROL NUMBER IDENTIFIER
control field OkBaRHE
005 - DATE AND TIME OF LATEST TRANSACTION
control field 20000607103237.0
008 - FIXED-LENGTH DATA ELEMENTS--GENERAL INFORMATION
fixed length control field s1947 j 000 0 eng u
040 ## - CATALOGING SOURCE
Transcribing agency
100 1# - MAIN ENTRY--PERSONAL NAME
Personal name Steinberg, Milton, 1903-1950.
245 10 - TITLE STATEMENT
Title Basic Judaism.
260 ## - PUBLICATION, DISTRIBUTION, ETC. (IMPRINT)
Place of publication, distribution, etc New York, N.Y.,
Name of publisher, distributor, etc Harcourt, Brace & World, Inc.
Date of publication, distribution, etc 1947
300 ## - PHYSICAL DESCRIPTION
Extent 172 p. ;
Dimensions 18 cm.
650 ## - SUBJECT ADDED ENTRY--TOPICAL TERM
Topical term or geographic name as entry element Judaism.
942 ## - ADDED ENTRY ELEMENTS (KOHA)
Source of classification or shelving scheme
Koha item type Books
Copies
Withdrawn status Permanent Location Price effective from Full call number Koha item type Barcode Date last seen Shelving location Damaged status Date acquired Source of classification or shelving scheme Current Location Lost status Not for loan Copy number
 RHEMA Bible Training College2010-04-14BM 560 .S8Books2272018-01-10General Stacks 2010-04-14 RHEMA Bible Training College  1